| 000 | 00872nam a2200253Ia 4500 | ||
|---|---|---|---|
| 003 | OSt | ||
| 005 | 20221005111118.0 | ||
| 006 | a|||||r|||| 00| 0 | ||
| 007 | ta | ||
| 008 | 221004b |||||||| |||| 00| 0 urd d | ||
| 024 | _a3973 | ||
| 037 | _cTextual | ||
| 040 |
_aCRL _cCRL _burd |
||
| 041 |
_2urd _aurd |
||
| 082 | _aO168,3N46x, 152Q0 | ||
| 100 | _aहिना, ज़ाहिदा | ||
| 245 | 0 | _aआखि़री बूॅंद की ख़ुशबू | |
| 246 | _aĀkhi़rī būॅanda kī kha़ushabū | ||
| 260 |
_aनई दिल्ली _bवाणी प्रकाशन भारत _c2010 |
||
| 300 |
_a174पृ. _ccm. |
||
| 700 | _a तसनीम सुहेल | ||
| 942 |
_hO168,3N46x, 152Q0 _cTEXL _2cc |
||
| 999 |
_c1020862 _d1020862 |
||